Kinematics of machines
Uloženo v:
| Hlavní autor: | |
|---|---|
| Médium: | Kniha |
| Jazyk: | angličtina |
| Vydáno: |
Englewood Cliffs
Prentice-Hall
1953
|
| Témata: | |
| Tagy: |
Přidat tag
Žádné tagy, Buďte první, kdo vytvoří štítek k tomuto záznamu!
|
MARC
| LEADER | 00000nam a2200000 a 4500 | ||
|---|---|---|---|
| 001 | UCT2133 | ||
| 003 | CL-VaPUC | ||
| 008 | 961004e19530000us |||||||||||||||||eng|d | ||
| 082 | 0 | 4 | |a 621.811 |b HIN |2 21 |
| 100 | 0 | |a Hinkle, Rolland T |e author |9 371198 | |
| 245 | 1 | 0 | |a Kinematics of machines |
| 300 | |a 231 p | ||
| 942 | |c BK | ||
| 945 | |d 19961004 00:00:00 |a paguirre | ||
| 260 | |a Englewood Cliffs |b Prentice-Hall |c 1953 | ||
| 650 | 0 | |a Cinemática |9 260942 | |
| 650 | 0 | |a Mecánica |9 260096 | |
| 650 | 0 | |a Movimiento |9 322237 | |
| 650 | 0 | |a Física |9 227844 | |
| 650 | 0 | |a Maquinaria |9 260482 | |
| 583 | |a last modification |c 20150428 11:00:06 |k Rodrigo Vera | ||
| 999 | |c 252384 |d 252382 | ||
| 952 | |0 0 |1 0 |4 0 |6 621_811000000000000_HIN_1953 |7 0 |8 A |9 272224 |a BIBCUR |b BIBCUR |d 2019-11-19 |i 1759418 |o 621.811 HIN 1953 |p 1759418 |r 2025-04-22 |w 2019-11-19 |y BK |k BCB | ||